000 11727 a2200769 4500
008 090408t xxu||||| |||| 00| 0 hin d
010 _aB-303492-536
020 _a9788190524841
_c130.00
035 _aB-303492-536
037 _bहिमाचल बुक्स
040 _adpl
_bHN
082 _a
100 _aशकुन
245 _aरिश्ते की जंजीर /
_cशकुन
260 _aदिल्ली
_bहिमाचल बुक्स
_c2008
270 _aफेस ई 1/265 ए, गली नं-16, सोनिया विहार
_bदिल्ली
_e110094
300 _a96पृ
_c22 सेमी (सजिल्द)
650 _aहिन्दी कहानियाँ
650 _aHindi Stories
942 _adpl
_cHN
_2ddc
_h
_mशकुन
999 _c12673
_d12673